<?xml version="1.0" encoding="UTF-8"?><?xml-stylesheet type="text/xsl" href="static/style.xsl"?><OAI-PMH xmlns="http://www.openarchives.org/OAI/2.0/" xmlns:xsi="http://www.w3.org/2001/XMLSchema-instance" xsi:schemaLocation="http://www.openarchives.org/OAI/2.0/ http://www.openarchives.org/OAI/2.0/OAI-PMH.xsd"><responseDate>2026-04-13T07:11:25Z</responseDate><request verb="GetRecord" identifier="oai:www.recercat.cat:2072/416330" metadataPrefix="marc">https://recercat.cat/oai/request</request><GetRecord><record><header><identifier>oai:recercat.cat:2072/416330</identifier><datestamp>2026-03-13T04:04:31Z</datestamp><setSpec>com_2072_98</setSpec><setSpec>col_2072_378192</setSpec></header><metadata><record xmlns="http://www.loc.gov/MARC21/slim" xmlns:dcterms="http://purl.org/dc/terms/" xmlns:xsi="http://www.w3.org/2001/XMLSchema-instance" xmlns:doc="http://www.lyncode.com/xoai" xsi:schemaLocation="http://www.loc.gov/MARC21/slim http://www.loc.gov/standards/marcxml/schema/MARC21slim.xsd">
   <leader>00925njm 22002777a 4500</leader>
   <datafield ind2=" " ind1=" " tag="042">
      <subfield code="a">dc</subfield>
   </datafield>
   <datafield ind2=" " ind1=" " tag="720">
      <subfield code="a">de Miguel Barcena, Jesús María</subfield>
      <subfield code="e">author</subfield>
   </datafield>
   <datafield ind2=" " ind1=" " tag="260">
      <subfield code="c">2016</subfield>
   </datafield>
   <datafield ind2=" " ind1=" " tag="520">
      <subfield code="a">La pretensión de este trabajo es analizar las transformaciones del derecho de la información, desde el punto de vista del periodismo digital. El periodismo digital (o ciberperiodismo) se puede definir como el conjunto de expresiones derivadas del derecho fundamental a la comunicación, que tendrían como objetivo producir información en el contexto de las novedades técnicas que ofrece Internet. Tales novedades ponen en cuestión la definición tradicional de medios de comunicación y su protección constitucional. Además, implican un proceso de individualización de la praxis informativa, que obliga a redefinir las garantías jurídicas derivadas del estatuto profesional del periodista. Por último, permiten la utilización de innovaciones tecnológicas que afectan a la prohibición de censura previa y a la reserva jurisdiccional de la protección de los derechos de comunicación pública.</subfield>
   </datafield>
   <datafield ind2=" " ind1=" " tag="520">
      <subfield code="a">The aim of this paper is to analyze transformations in media law, from the point of view of digital journalism. Cyber-journalism can be defined as the set of legal expressions, stemming from the fundamental right of communication, which produce information in the context of technical innovations offered by the Internet. Such developments challenge the traditional definition of media and its constitutional protection and individualize informative practices. This individualization forces the redefinition of the legal guarantees of the professional status of the journalist. Finally, technological changes allow the use of technological innovations that affect the prohibition of censorship and the judicial protection of the rights of public communication.</subfield>
   </datafield>
   <datafield tag="653" ind2=" " ind1=" ">
      <subfield code="a">Dret de la informació</subfield>
   </datafield>
   <datafield tag="653" ind2=" " ind1=" ">
      <subfield code="a">Periodisme electrònic</subfield>
   </datafield>
   <datafield tag="653" ind2=" " ind1=" ">
      <subfield code="a">Censura</subfield>
   </datafield>
   <datafield tag="653" ind2=" " ind1=" ">
      <subfield code="a">Derecho de la información</subfield>
   </datafield>
   <datafield tag="653" ind2=" " ind1=" ">
      <subfield code="a">Ciberperiodismo</subfield>
   </datafield>
   <datafield tag="653" ind2=" " ind1=" ">
      <subfield code="a">Estatuto profesional</subfield>
   </datafield>
   <datafield tag="653" ind2=" " ind1=" ">
      <subfield code="a">Censura</subfield>
   </datafield>
   <datafield tag="653" ind2=" " ind1=" ">
      <subfield code="a">Periodismo ciudadano</subfield>
   </datafield>
   <datafield tag="653" ind2=" " ind1=" ">
      <subfield code="a">Media law</subfield>
   </datafield>
   <datafield tag="653" ind2=" " ind1=" ">
      <subfield code="a">Cyber-journalism</subfield>
   </datafield>
   <datafield tag="653" ind2=" " ind1=" ">
      <subfield code="a">Professional status of journalism</subfield>
   </datafield>
   <datafield tag="653" ind2=" " ind1=" ">
      <subfield code="a">Censorship</subfield>
   </datafield>
   <datafield tag="653" ind2=" " ind1=" ">
      <subfield code="a">Open source journalism</subfield>
   </datafield>
   <datafield ind2="0" ind1="0" tag="245">
      <subfield code="a">Las transformaciones del derecho de la información en el contexto del ciberperiodismo</subfield>
   </datafield>
</record></metadata></record></GetRecord></OAI-PMH>